Across the Sahara (Record no. 26345)

MARC details
000 -LEADER
fixed length control field 00932nam a2200121Ia 4500
008 - FIXED-LENGTH DATA ELEMENTS--GENERAL INFORMATION
fixed length control field 220620s9999||||xx |||||||||||||| ||und||
245 #0 - TITLE STATEMENT
Title Across the Sahara
Remainder of title Tracks, Trade and Cross-Cultural Exchange in Libya
546 ## - LANGUAGE NOTE
Language note English[eng]
650 ## - SUBJECT ADDED ENTRY--TOPICAL TERM
Topical term or geographic name entry element African Economics||Historical Geography||History of North Africa||Remote Sensing/Photogrammetry||African Culture||Economy-wide Country Studies||Caravan Trading in the 19th century||Libyan Sahara||Central Sahara||Open Access||Atlas of Caravan Tracks||Historical Maps||Concepts of Spacial Orientation||Trade Networks||Caravan Routes||19th century Trade in the Sahara||Trans-Saharan trails||Historic Oases||Economics||Historical geography||African history||Geographical information systems & remote sensing||Cultural studies
700 ## - ADDED ENTRY--PERSONAL NAME
Personal name Braun, Klaus||Passon, Jacqueline
856 ## - ELECTRONIC LOCATION AND ACCESS
Uniform Resource Identifier <a href="https://library.oapen.org/bitstream/20.500.12657/41748/1/2020_Book_AcrossTheSahara.pdf">https://library.oapen.org/bitstream/20.500.12657/41748/1/2020_Book_AcrossTheSahara.pdf</a>
942 ## - ADDED ENTRY ELEMENTS (KOHA)
Koha item type E-Books
Holdings
Withdrawn status Lost status Damaged status Not for loan Home library Current library Date acquired Total Checkouts Date last seen Price effective from Koha item type
        Kerala University of Digital Sciences, Innovation and Technology Knowledge Centre Kerala University of Digital Sciences, Innovation and Technology Knowledge Centre 20/06/2022   20/06/2022 20/06/2022 E-Books